000 00675nam a2200193 4500
001 123977
003 ES-MaACL
007 t|
008 070214s1966 sp r ||||1| spa d
100 0 _aRamos Torres, José Ignacio
_995363
245 1 3 _aEl transporte en España
_b: organización y magnitudes económicas /
_cJosé Ignacio Ramos Torres, M. Martín Blanco.
250 _a1ª. ed.
260 _aMadrid :
_bEstudios del Instituto de Desarrollo Económico,
_c1966.
300 _a258 p. ;
_c21 cm.
700 1 _aMartín Blanco, M.
_977419
710 2 _aInstituto de Desarrollo Económico.
_94862
852 _aES-MaACL
_jG-5568
_bR.68608
999 _c123977
_d123977